Cartoons Grab Bag Quiz Stats

Quiz Updated Aug 23, 2012

Challenge
Share
Tweet
Embed
Score 0/31 Timer 05:00
1 Play Today
Group Character % Correct
Simpson ChildrenBart
97.3%
Simpson ChildrenLisa
94.6%
Singing ChipmunksAlvin
92.2%
Simpson ChildrenMaggie
90.9%
Griffin Children (Family Guy)Stewie
85.6%
Gang in the 'Mystery Machine' Scooby-Doo
84.3%
Main South Park CharactersKenny McCormick
82.1%
Griffin Children (Family Guy)Meg
81.4%
Gang in the 'Mystery Machine' Norville 'Shaggy' Rogers
81%
Singing ChipmunksTheodore
78.9%
Main South Park CharactersEric Cartman
77%
Teenage Mutant Ninja TurtlesDonatello
76.9%
Teenage Mutant Ninja TurtlesLeonardo
76.6%
Gang in the 'Mystery Machine' Velma Dinkley
75.3%
Donald Duck's NephewsLouie
74.4%
Singing ChipmunksSimon
73.5%
Group Character % Correct
Griffin Children (Family Guy)Chris
73.3%
Gang in the 'Mystery Machine' Fred Jones
73.1%
Teenage Mutant Ninja TurtlesRaphael
72.4%
Donald Duck's NephewsHuey
71.4%
Teenage Mutant Ninja TurtlesMichelangelo
71.1%
Gang in the 'Mystery Machine' Daphne Blake
69.7%
Donald Duck's NephewsDewey
69.1%
Main South Park CharactersStan Marsh
64.1%
Main South Park CharactersKyle Broflovski
61.2%
Powerpuff GirlsButtercup
57.2%
Powerpuff GirlsBubbles
55.8%
Powerpuff GirlsBlossom
50.5%
AnimaniacsDot
39.3%
AnimaniacsWakko
30.2%
AnimaniacsYakko
29.4%

You're not logged in!

Compare scores with friends on all Sporcle quizzes.
Join for Free
OR
Log In

You Might Also Like...

Show Comments

Extras

Top Quizzes Today


Score Distribution

Your Account Isn't Verified!

In order to create a playlist on Sporcle, you need to verify the email address you used during registration. Go to your Sporcle Settings to finish the process.

Report this User

Report this user for behavior that violates our Community Guidelines.

Details: